[Event "POL-chT U19 2nd League"]
[Site "Iwonicz"]
[Date "2015.08.01"]
[Round "5.13"]
[White "Kanicki, Krzysztof"]
[Black "Ogonowski, Jakub"]
[Result "0-1"]
[WhiteElo "2097"]
[BlackElo "1821"]
[PlyCount "72"]
[EventDate "2015.07.25"]
[EventType "team-swiss"]
[EventRounds "11"]
[EventCountry "POL"]
[SourceTitle "EXT 2019"]
[Source "ChessBase"]
[SourceDate "2018.10.10"]
[SourceVersion "1"]
[SourceVersionDate "2018.10.10"]
[SourceQuality "1"]
[WhiteTeam "Wroclaw MUKS MDK Fabryczna U19"]
[BlackTeam "Warszawa UKS Czternastka U19"]
[WhiteTeamCountry "POL"]
[BlackTeamCountry "POL"]

1. e4 e5 2. Nf3 Nf6 3. Nxe5 d6 4. Nf3 Nxe4 5. d4 d5 6. Bd3 Bd6 7. 0-0 0-0 8. c4 c6 9. Re1 Re8 10. Nc3 Nxc3 11. bxc3 Rxe1+ 12. Qxe1 h6 13. Rb1 b6 14. cxd5 cxd5 15. Qe2 Nd7 16. Rb3 Nf6 17. Ba3 Bxa3 18. Rxa3 Bg4 19. h3 Qd6 20. Rb3 Re8 21. Qd2 Bxf3 22. gxf3 Nh5 23. c4 Nf4 24. Bf1 Qg6+ 25. Kh1 dxc4 26. Re3 Rxe3 27. fxe3 Nd3 28. f4 Qc6+ 29. Bg2 Qb5 30. d5 Qb2 31. Qd1 c3 32. Qa4 b5 33. Qa6 c2 34. Qc8+ Kh7 35. Be4+ g6 36. Bxg6+ Kg7 0-1

[Event "POL-chT U19 2nd League"]
[Site "Iwonicz"]
[Date "2015.08.01"]
[Round "4.25"]
[White "Ogonowski, Jakub"]
[Black "Czerniawski, Krzysztof"]
[Result "1/2-1/2"]
[WhiteElo "1821"]
[BlackElo "1846"]
[PlyCount "125"]
[EventDate "2015.07.25"]
[EventType "team-swiss"]
[EventRounds "11"]
[EventCountry "POL"]
[SourceTitle "EXT 2019"]
[Source "ChessBase"]
[SourceDate "2018.10.10"]
[SourceVersion "1"]
[SourceVersionDate "2018.10.10"]
[SourceQuality "1"]
[WhiteTeam "Warszawa UKS Czternastka U19"]
[BlackTeam "Kozuchow Odrodzenie U19"]
[WhiteTeamCountry "POL"]
[BlackTeamCountry "POL"]

1. e4 c5 2. Nf3 d6 3. d4 cxd4 4. Nxd4 Nf6 5. Nc3 Nc6 6. Be2 e5 7. Nb3 Be6 8. Bg5 Be7 9. 0-0 0-0 10. Bxf6 Bxf6 11. Nd5 Bg5 12. c3 Ne7 13. c4 Bxd5 14. cxd5 f5 15. exf5 Nxf5 16. Bg4 g6 17. Nd2 Bxd2 18. Bxf5 Bh6 19. Be6+ Kg7 20. Qb3 Qb6 21. Rad1 Qxb3 22. axb3 a5 23. Ra1 b6 24. Ra4 b5 25. Rh4 Bd2 26. Bd7 Rab8 27. Re4 Rf7 28. Bc6 Bb4 29. Rc1 g5 30. f3 Rf4 31. Rxf4 gxf4 32. g3 fxg3 33. hxg3 Bc5+ 34. Kg2 b4 35. Rh1 Kg6 36. Rh4 h5 37. g4 hxg4 38. Rxg4+ Kf6 39. Bd7 Bd4 40. f4 exf4 41. Rxf4+ Ke5 42. Rf5+ Ke4 43. Rg5 Be5 44. Be6 Rh8 45. Kf2 Rh2+ 46. Rg2 Rxg2+ 47. Kxg2 Bxb2 48. Kf2 Kd4 49. Bd7 Kxd5 50. Ke3 Bf6 51. Kd3 Ke5 52. Bb5 Kf4 53. Bc6 Be5 54. Bb5 Kf3 55. Bc6+ Kf2 56. Kc4 Ke3 57. Bd5 Bf6 58. Bc6 Kd2 59. Ba4 Kc2 60. Bc6 Kb2 61. Ba4 Ka3 62. Kd5 Be5 63. Kc4 1/2-1/2

[Event "POL-chT U19 2nd League"]
[Site "Iwonicz"]
[Date "2015.08.01"]
[Round "6.19"]
[White "Ogonowski, Jakub"]
[Black "Czerw, Dawid"]
[Result "1/2-1/2"]
[WhiteElo "1821"]
[BlackElo "2190"]
[PlyCount "130"]
[EventDate "2015.07.25"]
[EventType "team-swiss"]
[EventRounds "11"]
[EventCountry "POL"]
[SourceTitle "EXT 2019"]
[Source "ChessBase"]
[SourceDate "2018.10.10"]
[SourceVersion "1"]
[SourceVersionDate "2018.10.10"]
[SourceQuality "1"]
[WhiteTeam "Warszawa UKS Czternastka U19"]
[BlackTeam "Jastrzebie Zdroj Pionier U19"]
[WhiteTeamCountry "POL"]
[BlackTeamCountry "POL"]

1. e4 c5 2. Nf3 Nc6 3. d4 cxd4 4. Nxd4 g6 5. Be3 Bg7 6. Nc3 Nf6 7. Nxc6 bxc6 8. e5 Ng8 9. f4 Nh6 10. Be2 Nf5 11. Bf2 d5 12. exd6 exd6 13. 0-0 0-0 14. Bf3 d5 15. Na4 Qc7 16. g3 Rb8 17. Rb1 Re8 18. Re1 Be6 19. b3 Rbd8 20. Nc5 d4 21. Nxe6 fxe6 22. Be4 c5 23. Bxf5 gxf5 24. Qd3 Rb8 25. Rbd1 Qc6 26. Re2 h5 27. Qc4 Rb4 28. Qd3 c4 29. Qd2 c3 30. Qd3 Rb7 31. Ree1 h4 32. gxh4 Bf6 33. Qe2 Rg7+ 34. Bg3 e5 35. Rxd4 Qb6 36. Qe3 Kh7 37. Rd5 exf4 38. Qxb6 Rxe1+ 39. Kf2 fxg3+ 40. hxg3 axb6 41. Kxe1 Rxg3 42. Rxf5 Kg6 43. Rd5 Bxh4 44. Ke2 Rg2+ 45. Kd1 Bf6 46. a4 Rg1+ 47. Ke2 Rc1 48. Kd3 Rd1+ 49. Ke4 Rd2 50. Rb5 Rxc2 51. Rxb6 Rb2 52. a5 c2 53. Rc6 Rxb3 54. Rxc2 Rb4+ 55. Kd5 Be7 56. Ra2 Rb7 57. Kc6 Ra7 58. Kb6 Rd7 59. a6 Bg5 60. Rg2 Kf5 61. Rxg5+ Kxg5 62. a7 Rd8 63. Kb7 Kf5 64. a8Q Rxa8 65. Kxa8 Ke4 1/2-1/2

[Event "POL-chT U19 2nd League"]
[Site "Iwonicz"]
[Date "2015.08.01"]
[Round "3.49"]
[White "Rosicki, Marcin"]
[Black "Ogonowski, Jakub"]
[Result "1/2-1/2"]
[WhiteElo "1822"]
[BlackElo "1821"]
[PlyCount "54"]
[EventDate "2015.07.25"]
[EventType "team-swiss"]
[EventRounds "11"]
[EventCountry "POL"]
[SourceTitle "EXT 2019"]
[Source "ChessBase"]
[SourceDate "2018.10.10"]
[SourceVersion "1"]
[SourceVersionDate "2018.10.10"]
[SourceQuality "1"]
[WhiteTeam "Jaworzno JKSz MCKiS U19"]
[BlackTeam "Warszawa UKS Czternastka U19"]
[WhiteTeamCountry "POL"]
[BlackTeamCountry "POL"]

1. e4 c5 2. Nf3 d6 3. Bb5+ Bd7 4. Bxd7+ Qxd7 5. c4 Nc6 6. Nc3 g6 7. d4 cxd4 8. Nxd4 Bg7 9. Be3 Nf6 10. f3 0-0 11. 0-0 Rac8 12. b3 Rfd8 13. Qd2 e6 14. Rad1 d5 15. exd5 exd5 16. Nxc6 bxc6 17. cxd5 Nxd5 18. Nxd5 cxd5 19. Bd4 Bxd4+ 20. Qxd4 Rc2 21. Rf2 Qc7 22. Rxc2 Qxc2 23. Qd2 Qc5+ 24. Qd4 Qc2 25. Qd2 Qc5+ 26. Qd4 Qc2 27. Qd2 Qc5+ 1/2-1/2

[Event "POL-chT U19 2nd League"]
[Site "Iwonicz"]
[Date "2015.08.01"]
[Round "9.31"]
[White "Snihur, Piotr"]
[Black "Ogonowski, Jakub"]
[Result "1/2-1/2"]
[WhiteElo "2124"]
[BlackElo "1821"]
[PlyCount "76"]
[EventDate "2015.07.25"]
[EventType "team-swiss"]
[EventRounds "11"]
[EventCountry "POL"]
[SourceTitle "EXT 2019"]
[Source "ChessBase"]
[SourceDate "2018.10.10"]
[SourceVersion "1"]
[SourceVersionDate "2018.10.10"]
[SourceQuality "1"]
[WhiteTeam "Konin UKS Smecz U19"]
[BlackTeam "Warszawa UKS Czternastka U19"]
[WhiteTeamCountry "POL"]
[BlackTeamCountry "POL"]

1. d4 Nf6 2. c4 g6 3. f3 Bg7 4. e4 d6 5. Nc3 0-0 6. Nge2 e5 7. Bg5 h6 8. Be3 Nc6 9. d5 Ne7 10. Qd2 Kh7 11. 0-0-0 Ne8 12. g4 f5 13. gxf5 gxf5 14. Rg1 f4 15. Bf2 Bf6 16. Rh1 Rg8 17. h4 b6 18. Bh3 Bxh3 19. Rxh3 Ng7 20. Rg1 Qd7 21. Rhh1 Nh5 22. Qe1 a6 23. Rxg8 Rxg8 24. a4 a5 25. b3 Rg6 26. Rh2 Ng8 27. Nb5 Bd8 28. Na3 Qg7 29. Rh3 Ngf6 30. Kc2 Rg2 31. Qf1 Rg6 32. Qe1 Qd7 33. Qf1 Qg7 34. Qe1 Qd7 35. Qf1 Qg7 36. Qe1 Qd7 37. Qf1 Qg7 38. Qe1 Qd7 1/2-1/2

[Event "POL-chT U19 2nd League"]
[Site "Szczyrk"]
[Date "2014.07.30"]
[Round "8.7"]
[White "Ogonowski, Jakub"]
[Black "Ulanowski, Karol"]
[Result "1-0"]
[WhiteElo "1853"]
[BlackElo "2124"]
[PlyCount "63"]
[EventDate "2014.07.25"]
[EventType "team-swiss"]
[EventRounds "11"]
[EventCountry "POL"]
[SourceTitle "EXT 2015"]
[Source "ChessBase"]
[SourceDate "2014.11.20"]
[SourceVersion "1"]
[SourceVersionDate "2014.11.20"]
[SourceQuality "1"]
[WhiteTeam "Warszawa UKS Czternastka U19"]
[BlackTeam "Tczew Skoczek U19"]
[WhiteTeamCountry "POL"]
[BlackTeamCountry "POL"]

1. e4 c5 2. Nf3 d6 3. d4 cxd4 4. Nxd4 Nf6 5. Nc3 a6 6. Be2 e6 7. f4 Be7 8. Be3 Qc7 9. a4 0-0 10. 0-0 b6 11. Qe1 Bb7 12. Bf3 Nbd7 13. Qg3 Nc5 14. e5 Nfe4 15. Nxe4 Bxe4 16. b4 Bxf3 17. bxc5 dxe5 18. Nxf3 exf4 19. cxb6 fxg3 20. bxc7 gxh2+ 21. Nxh2 Rac8 22. Bb6 Bd6 23. c4 Bxc7 24. c5 Be5 25. Rad1 Bc3 26. Rd3 Bb4 27. Rc1 Rc6 28. Nf3 Rfc8 29. Rc4 Bxc5+ 30. Rxc5 Rxc5 31. Bxc5 f6 32. Bb6 1-0

[Event "POL-chT U19 2nd League"]
[Site "Szczyrk"]
[Date "2014.07.29"]
[Round "7.31"]
[White "Korpalski, Maciej"]
[Black "Ogonowski, Jakub"]
[Result "0-1"]
[WhiteElo "1739"]
[BlackElo "1853"]
[PlyCount "54"]
[EventDate "2014.07.25"]
[EventType "team-swiss"]
[EventRounds "11"]
[EventCountry "POL"]
[SourceTitle "EXT 2015"]
[Source "ChessBase"]
[SourceDate "2014.11.20"]
[SourceVersion "1"]
[SourceVersionDate "2014.11.20"]
[SourceQuality "1"]
[WhiteTeam "Wroclaw MUKS MDK Srodmiescie U19 II"]
[BlackTeam "Warszawa UKS Czternastka U19"]
[WhiteTeamCountry "POL"]
[BlackTeamCountry "POL"]

1. e4 c5 2. Nf3 d6 3. d4 cxd4 4. Nxd4 Nf6 5. Nc3 a6 6. f3 e5 7. Nb3 Be6 8. Be3 Be7 9. Qd2 0-0 10. g4 Nbd7 11. 0-0-0 b5 12. h4 b4 13. Ne2 a5 14. Kb1 Qc7 15. g5 Nh5 16. f4 a4 17. Nbc1 b3 18. cxb3 axb3 19. a3 exf4 20. Bxf4 Rfc8 21. Nc3 Nxf4 22. Qxf4 Rxa3 23. bxa3 Qxc3 24. Bd3 b2 25. Rh2 bxc1Q+ 26. Qxc1 Qb3+ 27. Rb2 Rxc1+ 0-1

[Event "POL-chT U19 2nd League"]
[Site "Borowice"]
[Date "2012.07.26"]
[Round "8"]
[White "Ogonowski, Jakub"]
[Black "Drabek, Jan"]
[Result "1-0"]
[WhiteElo "1744"]
[BlackElo "1703"]
[PlyCount "85"]
[EventDate "2012.07.21"]
[EventType "team-swiss"]
[EventRounds "11"]
[EventCountry "POL"]
[SourceTitle "EXT 2014"]
[Source "ChessBase"]
[SourceDate "2013.11.20"]
[SourceVersion "1"]
[SourceVersionDate "2013.11.20"]
[SourceQuality "1"]
[WhiteTeam "Warszawa UKS Czternastka U19"]
[BlackTeam "Krosno KKSz Urania U19"]
[WhiteTeamCountry "POL"]
[BlackTeamCountry "POL"]

1. e4 c5 2. Nf3 Nc6 3. d4 cxd4 4. Nxd4 g6 5. Be3 Bg7 6. Nc3 Nf6 7. Bc4 0-0 8. Bb3 d6 9. h3 Bd7 10. 0-0 a6 11. Re1 b5 12. a3 Rc8 13. Qd2 Nxd4 14. Bxd4 Bc6 15. Nd5 Bxd5 16. exd5 a5 17. Re2 Re8 18. Rae1 Qc7 19. c3 a4 20. Ba2 Qb7 21. g4 Qd7 22. f4 h5 23. g5 Nh7 24. Bxg7 Kxg7 25. Qd3 Nf8 26. Kh2 e6 27. Qd4+ Kg8 28. dxe6 fxe6 29. Qf6 d5 30. Qe5 Red8 31. Qd4 Qf7 32. Re5 Rd6 33. Kg3 Nd7 34. Rxe6 Rxe6 35. Rxe6 h4+ 36. Kf3 Qf5 37. Bxd5 Qxh3+ 38. Ke2 Qh2+ 39. Kd1 Rc5 40. Re7+ Rxd5 41. Qxd5+ Kh8 42. Re8+ Kg7 43. Qxd7# 1-0

[Event "POL-chT U19 2nd League"]
[Site "Borowice"]
[Date "2012.07.25"]
[Round "7"]
[White "Smieszek, Wojciech"]
[Black "Ogonowski, Jakub"]
[Result "1/2-1/2"]
[WhiteElo "1809"]
[BlackElo "1744"]
[PlyCount "104"]
[EventDate "2012.07.21"]
[EventType "team-swiss"]
[EventRounds "11"]
[EventCountry "POL"]
[SourceTitle "EXT 2014"]
[Source "ChessBase"]
[SourceDate "2013.11.20"]
[SourceVersion "1"]
[SourceVersionDate "2013.11.20"]
[SourceQuality "1"]
[WhiteTeam "Szczecin Gryf U19"]
[BlackTeam "Warszawa UKS Czternastka U19"]
[WhiteTeamCountry "POL"]
[BlackTeamCountry "POL"]

1. e4 c5 2. Nf3 d6 3. d4 cxd4 4. Nxd4 Nf6 5. Nc3 a6 6. Be2 e5 7. Nb3 Be6 8. Be3 Be7 9. g4 d5 10. exd5 Nxd5 11. Nxd5 Bxd5 12. Bf3 Bc6 13. Qe2 0-0 14. Bd2 Qc7 15. 0-0-0 a5 16. Bc3 f6 17. h4 a4 18. Nd2 b5 19. h5 Nd7 20. h6 g6 21. a3 Rfc8 22. Bxc6 Qxc6 23. Qe4 Nb6 24. Qxc6 Rxc6 25. Ne4 Kf7 26. g5 f5 27. Nf6 Bxf6 28. gxf6 Re6 29. Rhe1 Rae8 30. b3 f4 31. Re4 g5 32. Ba5 axb3 33. Bxb6 Rxb6 34. Rd7+ Kxf6 35. cxb3 Kg6 36. Re1 e4 37. Rh1 e3 38. fxe3 fxe3 39. Rg7+ Kf5 40. Rxh7 e2 41. Re1 Kg6 42. Rd7 Kxh6 43. Kd2 Rbe6 44. Rf7 Re3 45. Rf8 R8e7 46. Rg8 R3e4 47. Rh1+ Rh4 48. Re1 Kh5 49. Rxe2 Rxe2+ 50. Kxe2 Rh2+ 51. Kf1 Rb2 52. b4 Rb3 1/2-1/2

[Event "POL-chT U19 2nd League"]
[Site "Borowice"]
[Date "2012.07.23"]
[Round "4"]
[White "Lisiecki, Robert"]
[Black "Ogonowski, Jakub"]
[Result "0-1"]
[WhiteElo "1443"]
[BlackElo "1744"]
[PlyCount "120"]
[EventDate "2012.07.21"]
[EventType "team-swiss"]
[EventRounds "11"]
[EventCountry "POL"]
[SourceTitle "EXT 2014"]
[Source "ChessBase"]
[SourceDate "2013.11.20"]
[SourceVersion "1"]
[SourceVersionDate "2013.11.20"]
[SourceQuality "1"]
[WhiteTeam "Poznan UMKS Na Pieterku U19"]
[BlackTeam "Warszawa UKS Czternastka U19"]
[WhiteTeamCountry "POL"]
[BlackTeamCountry "POL"]

1. e4 c5 2. Nf3 d6 3. d4 cxd4 4. Qxd4 Nc6 5. Bb5 Bd7 6. Bxc6 Bxc6 7. Nc3 Nf6 8. 0-0 g6 9. Re1 Bg7 10. Bd2 0-0 11. Qd3 Rc8 12. Nd4 Qb6 13. Nxc6 bxc6 14. Rab1 Nd7 15. Na4 Qb5 16. Qb3 Qa6 17. Nc3 Rb8 18. Qa4 Qb7 19. Qb3 Qc7 20. Qc4 Nb6 21. Qd3 Rb7 22. b3 Nd7 23. Na4 Ne5 24. Qg3 Rd8 25. c4 Nd7 26. Rbd1 Nf6 27. Bg5 h6 28. Bxf6 Bxf6 29. h3 Qa5 30. f4 Bg7 31. Qd3 Rbd7 32. Re2 c5 33. Red2 Bd4+ 34. Kh1 Rf8 35. Qg3 Kh7 36. Qg4 Qc7 37. f5 Rg8 38. Rf1 g5 39. Qh5 e6 40. fxe6 fxe6 41. Rd3 Rdg7 42. Nc3 Qe7 43. Rdf3 Qe8 44. Qxe8 Rxe8 45. Nb5 Be5 46. Nxa7 Rxa7 47. a4 Kg7 48. g4 Bf4 49. Kg2 Rf8 50. Rd3 Be5 51. Rfd1 Rf4 52. Re1 Bd4 53. Re2 Raf7 54. Kg3 Rf2 55. Rxf2 Rxf2 56. h4 Rc2 57. a5 Ra2 58. b4 Be5+ 59. Kh3 cxb4 60. hxg5 Rh2# 0-1

[Event "POL-chT U19 2nd League"]
[Site "Borowice"]
[Date "2012.07.23"]
[Round "3"]
[White "Ogonowski, Jakub"]
[Black "Wisniewski, Michal"]
[Result "1-0"]
[WhiteElo "1744"]
[BlackElo "1854"]
[PlyCount "75"]
[EventDate "2012.07.21"]
[EventType "team-swiss"]
[EventRounds "11"]
[EventCountry "POL"]
[SourceTitle "EXT 2014"]
[Source "ChessBase"]
[SourceDate "2013.11.20"]
[SourceVersion "1"]
[SourceVersionDate "2013.11.20"]
[SourceQuality "1"]
[WhiteTeam "Warszawa UKS Czternastka U19"]
[BlackTeam "Opole Rodlo U19"]
[WhiteTeamCountry "POL"]
[BlackTeamCountry "POL"]

1. e4 e6 2. Nc3 d5 3. Nf3 Bb4 4. e5 Ne7 5. d4 c5 6. dxc5 Bxc3+ 7. bxc3 Nbc6 8. c4 Qa5+ 9. Qd2 Qxc5 10. cxd5 exd5 11. Be2 Bf5 12. c3 Be4 13. 0-0 Bxf3 14. Bxf3 Nxe5 15. Bd1 0-0 16. Re1 Nc4 17. Qg5 Ng6 18. Bf3 Rfe8 19. Bd2 h6 20. Qf5 Nxd2 21. Bxd5 Rf8 22. Bxf7+ Rxf7 23. Qxc5 Raf8 24. Qd4 Nf3+ 25. gxf3 Nf4 26. Re3 Nh3+ 27. Kf1 Rf5 28. f4 Nxf4 29. Rf3 g5 30. Re1 g4 31. Rfe3 Kh7 32. Re7+ Kg6 33. Rg7+ Kh5 34. Re5 Kh4 35. Rxf5 Rxf5 36. Qe3 Nh5 37. Qxh6 Kh3 38. Rg5 1-0

[Event "POL-chT U19 2nd League"]
[Site "Borowice"]
[Date "2012.07.22"]
[Round "2"]
[White "Ogonowski, Jakub"]
[Black "Kubicka, Anna"]
[Result "0-1"]
[WhiteElo "1744"]
[BlackElo "1642"]
[PlyCount "128"]
[EventDate "2012.07.21"]
[EventType "team-swiss"]
[EventRounds "11"]
[EventCountry "POL"]
[SourceTitle "EXT 2014"]
[Source "ChessBase"]
[SourceDate "2013.11.20"]
[SourceVersion "1"]
[SourceVersionDate "2013.11.20"]
[SourceQuality "1"]
[WhiteTeam "Warszawa UKS Czternastka U19"]
[BlackTeam "Gliwice Carbo U19"]
[WhiteTeamCountry "POL"]
[BlackTeamCountry "POL"]

1. e4 c6 2. Nc3 d5 3. Nf3 Bg4 4. h3 Bxf3 5. Qxf3 e6 6. g4 Be7 7. d4 dxe4 8. Qxe4 Nf6 9. Qd3 Na6 10. Be3 Nb4 11. Qd2 Nfd5 12. Bg2 Nxc3 13. Qxc3 Nd5 14. Bxd5 Qxd5 15. Ke2 0-0-0 16. Qd3 Qa5 17. c3 g6 18. a4 e5 19. b4 Qc7 20. Rhb1 Qd7 21. b5 c5 22. Qc4 exd4 23. cxd4 Kb8 24. dxc5 Bf6 25. c6 Qc7 26. Bxa7+ Ka8 27. cxb7+ Qxb7 28. Be3 Bxa1 29. Rxa1 Rc8 30. Qb3 Qe4 31. Rd1 Rc2+ 32. Rd2 Rxd2+ 33. Kxd2 Rd8+ 34. Ke2 Qd5 35. Qc2 Kb7 36. b6 Rd7 37. f3 Qd6 38. Qe4+ Qd5 39. a5 Qxe4 40. fxe4 Re7 41. Kd3 Re5 42. Bd2 h5 43. Bc3 Rb5 44. Kc4 Kc6 45. Bd4 Rxa5 46. Be3 Ra3 47. Kd4 Kxb6 48. gxh5 gxh5 49. h4 Kc6 50. Bg5 Kd6 51. Bh6 Ke6 52. Bg5 f6 53. Bd2 Ra1 54. Bf4 Rg1 55. Be3 Rg2 56. Bf4 Rg4 57. Ke3 Rxh4 58. Kf3 Rg4 59. Bb8 f5 60. exf5+ Kxf5 61. Bc7 h4 62. Bd6 h3 63. Bc7 Rg2 64. Bd6 Rd2 0-1

[Event "Solina Mind Sports U14 op"]
[Site "Solina"]
[Date "2012.04.19"]
[Round "6"]
[White "Januszkiewicz, Wojciech"]
[Black "Ogonowski, Jakub"]
[Result "0-1"]
[WhiteElo "1761"]
[BlackElo "1705"]
[PlyCount "56"]
[EventDate "2012.04.15"]
[EventType "swiss"]
[EventRounds "9"]
[EventCountry "POL"]
[SourceTitle "EXT 2014"]
[Source "ChessBase"]
[SourceDate "2013.11.20"]
[SourceVersion "1"]
[SourceVersionDate "2013.11.20"]
[SourceQuality "1"]

1. e4 c5 2. Nf3 d6 3. d4 cxd4 4. Nxd4 Nf6 5. Nc3 a6 6. Bg5 e6 7. f4 Qc7 8. Qf3 b5 9. 0-0-0 b4 10. Nce2 Nbd7 11. Ng3 Bb7 12. f5 e5 13. Ne6 fxe6 14. fxe6 Nc5 15. Bxf6 gxf6 16. Qxf6 Nxe4 17. Qxh8 0-0-0 18. Kb1 Bh6 19. Qxd8+ Kxd8 20. Nxe4 Bxe4 21. Bd3 Bxd3 22. Rxd3 e4 23. Rh3 Qg7 24. Re1 e3 25. Rg3 Qe5 26. a3 bxa3 27. c3 Qxe6 28. Kc2 Qe4+ 0-1

[Event "Solina Mind Sports U14 op"]
[Site "Solina"]
[Date "2012.04.19"]
[Round "7"]
[White "Ogonowski, Jakub"]
[Black "Klimek, Piotr"]
[Result "1-0"]
[WhiteElo "1705"]
[BlackElo "1731"]
[PlyCount "89"]
[EventDate "2012.04.15"]
[EventType "swiss"]
[EventRounds "9"]
[EventCountry "POL"]
[SourceTitle "EXT 2014"]
[Source "ChessBase"]
[SourceDate "2013.11.20"]
[SourceVersion "1"]
[SourceVersionDate "2013.11.20"]
[SourceQuality "1"]

1. e4 c5 2. Nf3 a6 3. d3 Nc6 4. g3 Nf6 5. Bg2 e6 6. 0-0 d6 7. Nc3 g6 8. Bg5 Bg7 9. Qd2 h6 10. Be3 Ng4 11. d4 Nxe3 12. fxe3 0-0 13. Ne2 e5 14. c3 Qc7 15. Rac1 Ne7 16. Nh4 Bg4 17. d5 b5 18. h3 Bd7 19. g4 Nc8 20. Ng3 Nb6 21. Qe2 a5 22. Kh1 c4 23. Rf2 Qd8 24. Nf3 Rc8 25. Rg1 Na4 26. a3 Nc5 27. Ne1 Qh4 28. Bf3 Qe7 29. Rfg2 Rb8 30. Rh2 f6 31. h4 Kf7 32. g5 Rh8 33. h5 fxg5 34. hxg6+ Kg8 35. Bg4 Rf8 36. Nf5 Bxf5 37. Bxf5 a4 38. Nc2 Rf6 39. Nb4 Qd8 40. Qg4 Qe8 41. Rf1 Qd8 42. Rff2 Qc7 43. Nc6 Qb6 44. Be6+ Nxe6 45. Rxf6 1-0

[Event "Solina Mind Sports U14 op"]
[Site "Solina"]
[Date "2012.04.16"]
[Round "2"]
[White "Gajek, Radoslaw"]
[Black "Ogonowski, Jakub"]
[Result "1-0"]
[WhiteElo "2166"]
[BlackElo "1705"]
[PlyCount "37"]
[EventDate "2012.04.15"]
[EventType "swiss"]
[EventRounds "9"]
[EventCountry "POL"]
[SourceTitle "EXT 2014"]
[Source "ChessBase"]
[SourceDate "2013.11.20"]
[SourceVersion "1"]
[SourceVersionDate "2013.11.20"]
[SourceQuality "1"]

1. e4 c5 2. Nf3 d6 3. d4 cxd4 4. Nxd4 Nf6 5. Nc3 a6 6. Bg5 e6 7. f4 Qc7 8. Qf3 b5 9. Bxf6 gxf6 10. 0-0-0 Bb7 11. Qh5 Qc5 12. e5 dxe5 13. Nxe6 Qb6 14. Rd8+ Ke7 15. Rxf8 Rxf8 16. Nxf8 Qe3+ 17. Kb1 Qe1+ 18. Nd1 Kxf8 19. Bc4 1-0

[Event "Solina Mind Sports U14 op"]
[Site "Solina"]
[Date "2012.04.15"]
[Round "1"]
[White "Ogonowski, Jakub"]
[Black "Lizak, Jakub"]
[Result "1/2-1/2"]
[WhiteElo "1705"]
[BlackElo "1855"]
[PlyCount "167"]
[EventDate "2012.04.15"]
[EventType "swiss"]
[EventRounds "9"]
[EventCountry "POL"]
[SourceTitle "EXT 2014"]
[Source "ChessBase"]
[SourceDate "2013.11.20"]
[SourceVersion "1"]
[SourceVersionDate "2013.11.20"]
[SourceQuality "1"]

1. e4 c5 2. Nf3 Nc6 3. d4 cxd4 4. Nxd4 Nf6 5. Nc3 e5 6. Ndb5 d6 7. Bg5 a6 8. Na3 b5 9. Nd5 Be7 10. Bxf6 Bxf6 11. c3 Bg5 12. Nc2 Ne7 13. Be2 Bb7 14. Ncb4 0-0 15. 0-0 Rc8 16. Qb3 Rc5 17. Rad1 Kh8 18. Nxe7 Qxe7 19. Nd5 Qe6 20. a4 f5 21. f3 Bxd5 22. exd5 Qd7 23. axb5 axb5 24. Ra1 Qb7 25. c4 g6 26. cxb5 Qxd5 27. Qxd5 Be3+ 28. Kh1 Rxd5 29. Rfd1 Rxd1+ 30. Rxd1 Bd4 31. Bc4 Rc8 32. b3 Kg7 33. g3 Kf6 34. Rd2 Ra8 35. Kg2 Ke7 36. Bd5 Ra5 37. Bc6 g5 38. f4 g4 39. h3 h5 40. hxg4 hxg4 41. Kf1 Ra1+ 42. Kg2 Rg1+ 43. Kh2 Rb1 44. Bd5 Bc5 45. fxe5 dxe5 46. Re2 Kd6 47. Bc4 Rd1 48. Ra2 Bg1+ 49. Kg2 f4 50. gxf4 exf4 51. Be2 f3+ 52. Bxf3 gxf3+ 53. Kxf3 Rd3+ 54. Ke4 Rxb3 55. Rg2 Bb6 56. Rg5 Re3+ 57. Kf4 Re8 58. Rh5 Bc5 59. Rh6+ Kd7 60. Rh5 Be3+ 61. Kf3 Kc7 62. Rh4 Bc5 63. Rh6 Bd6 64. Rh1 Re5 65. Rc1+ Kb7 66. Rb1 Kb6 67. Rb2 Rh5 68. Ke3 Rh4 69. Kd3 Bc5 70. Rb1 Bb4 71. Rg1 Kxb5 72. Rg5+ Bc5 73. Rg3 Rd4+ 74. Kc3 Ra4 75. Rg8 Ra3+ 76. Kb2 Rf3 77. Rg4 Bb4 78. Rg2 Ka4 79. Re2 Rb3+ 80. Ka2 Ra3+ 81. Kb2 Bc5 82. Re4+ Kb5 83. Rh4 Rg3 84. Kc2 1/2-1/2

[Event "Podlaskie-ch U15 17th"]
[Site "Suwalki"]
[Date "2011.04.18"]
[Round "6"]
[White "Kowalczyk, Mariusz"]
[Black "Ogonowski, Jakub"]
[Result "1/2-1/2"]
[WhiteElo "1765"]
[BlackElo "1690"]
[PlyCount "127"]
[EventDate "2011.04.14"]
[EventType "swiss"]
[EventRounds "10"]
[EventCountry "POL"]
[SourceTitle "EXT 2012"]
[Source "ChessBase"]
[SourceDate "2011.11.24"]
[SourceVersion "1"]
[SourceVersionDate "2011.11.24"]
[SourceQuality "1"]

1. e4 c5 2. c3 d5 3. exd5 Qxd5 4. d4 Nf6 5. Nf3 Bg4 6. Be2 e6 7. 0-0 Be7 8. Be3 cxd4 9. cxd4 Nc6 10. Nc3 Qd6 11. Qd2 0-0 12. Rac1 Rfd8 13. Rfd1 Rac8 14. a3 Nd5 15. Ne4 Qd7 16. Ng3 Bd6 17. Ne4 Be7 18. Nc5 Bxc5 19. dxc5 Qc7 20. Nd4 Nxd4 21. Bxd4 Bxe2 22. Qxe2 Nf4 23. Qc4 Ng6 24. b4 Rd5 25. Be3 Rcd8 26. Re1 Qd7 27. f4 Ne7 28. b5 Qxb5 29. Rb1 Qc6 30. Qb5 R5d7 31. Qa5 Nd5 32. Qb5 Qxb5 33. Rxb5 f6 34. Kf2 Kf7 35. Rb3 Nxe3 36. Kxe3 Rc8 37. Rc1 Ke7 38. Rb4 Kd8 39. Ra4 a6 40. Re4 Rc6 41. g4 Rd5 42. Rec4 Kc8 43. h4 Rd7 44. g5 f5 45. h5 Kb8 46. Rd4 Kc7 47. Rcd1 Rxd4 48. Kxd4 Kd7 49. Rb1 Kc8 50. Ke5 Kc7 51. h6 gxh6 52. gxh6 Kc8 53. Rg1 Rxc5+ 54. Kf6 Rc7 55. Rg7 b5 56. Rxc7+ Kxc7 57. Kg7 a5 58. Kxh7 b4 59. axb4 axb4 60. Kg6 b3 61. h7 b2 62. h8Q b1Q 63. Qc3+ Kd7 64. Kf6 1/2-1/2

[Event "Podlaskie-ch U15 17th"]
[Site "Suwalki"]
[Date "2011.04.14"]
[Round "1"]
[White "Ogonowski, Jakub"]
[Black "Snihur, Piotr"]
[Result "0-1"]
[WhiteElo "1690"]
[BlackElo "1818"]
[PlyCount "122"]
[EventDate "2011.04.14"]
[EventType "swiss"]
[EventRounds "10"]
[EventCountry "POL"]
[SourceTitle "EXT 2012"]
[Source "ChessBase"]
[SourceDate "2011.11.24"]
[SourceVersion "1"]
[SourceVersionDate "2011.11.24"]
[SourceQuality "1"]

1. e4 c5 2. Nf3 e6 3. d4 cxd4 4. Nxd4 a6 5. Nc3 Qc7 6. Bd3 Nf6 7. 0-0 Nc6 8. Nxc6 bxc6 9. f4 d5 10. g4 Bc5+ 11. Kh1 d4 12. Na4 Be7 13. g5 Nd7 14. Qh5 c5 15. b3 g6 16. Qe2 Bb7 17. Nb2 h6 18. Nc4 hxg5 19. fxg5 Rh5 20. Qg2 Kf8 21. Bf4 e5 22. Bd2 Kg7 23. Qf3 Rf8 24. Rg1 Qd8 25. Qg3 Rfh8 26. Qg2 Rh3 27. Qf2 Qa8 28. Rae1 R3h4 29. Qf3 Rh3 30. Qg4 Bc8 31. Rg2 Qb8 32. Rf1 Nf8 33. Qd1 Be6 34. Nxe5 Bd6 35. Nf3 R8h7 36. e5 Bd5 37. Qe2 Bxe5 38. Be4 Bxe4 39. Qxe4 Bxh2 40. Nxh2 Rxh2+ 41. Kg1 Rxg2+ 42. Qxg2 Ne6 43. Qf2 Kg8 44. Bf4 Nxf4 45. Qxf4 Qxf4 46. Rxf4 Rh5 47. Rg4 Kf8 48. Rg2 Ke7 49. Kf2 Ke6 50. Ke2 f6 51. gxf6 Kxf6 52. Kd3 Kf5 53. a3 Rh3+ 54. Ke2 g5 55. Rf2+ Ke4 56. Rg2 Re3+ 57. Kf2 Kf4 58. b4 cxb4 59. axb4 g4 60. Rg1 g3+ 61. Kg2 Re2+ 0-1